000 00715nam a2200229Ia 4500
003 GCL
008 140319s9999 xx 000 0 ara d
040 _aGCL /
_cGCL
082 0 4 _a243
_bم م
100 1 _aمجدى محمد الشهاوى
245 1 0 _aمس الجن للانسان بين العلم والقران /
_cمجدى محمد الشهاوى
260 _a[S.N] :
_bالملتقى للانتاج الفنى والثقافى ،
_c1994
300 _a160 ص
490 _a
650 0 4 _aالشياطين والجان
650 0 4 _aالسحاق
650 0 4 _aالسحر
650 0 4 _aالطلاسم السحرية
650 0 4 _aالروحانيات
650 0 4 _aالقران
942 _2ddc
_cBK
999 _c55074
_d55074